{"text_format":"3","workbook":"xlsx","n_sheets":16,"sheets":["Total","S1 - -MAIN ROAD- ^DOWN TOWN","S2 - -MAIN ROAD- ^AMASAMAN","S3 - -MAIN ROAD- ^DOWN TOWN","S4 - -ACCESS ROAD","-L1 - MAIN ROAD- ^DOWN TOWN","-L2 - MAIN ROAD- ^DOWN TOWN","-L3 - MAIN ROAD- ^DOWN TOWN","-L4 - MAIN ROAD- ^AMASAMAN","-L5 - MAIN ROAD- ^AMASAMAN","-L6 - MAIN ROAD- ^AMASAMAN","-L7 - MAIN ROAD- ^AMASAMAN","-L8 - SIDELINE- ^DOWN TOWN","-L9 - SIDELINE- ^DOWN TOWN","-L10 - ACCESS ROAD","-L11 - ACCESS ROAD"],"not_rendered":{"defined_names":112},"read":"whole","date_system":"1900"}

{"sheet":"Total","index":0,"n_rows":13,"n_cols":32,"rows_kept":13,"merged":[[0,0,0,31],[2,1,2,12],[2,14,2,20],[2,21,2,23],[2,24,2,26],[3,1,3,12],[3,14,3,20],[3,21,3,23],[3,24,3,26],[4,1,4,12],[4,14,4,20],[4,21,4,23],[5,1,5,12],[6,1,6,12],[7,1,7,12],[9,0,10,0],[9,1,9,24],[9,25,9,26],[9,27,9,28],[9,29,9,30],[9,31,10,31]]}
["TRAFFIC DAILY COUNTING"]
[]
["Name","21022 - NSAWAM ROAD - NEOPLAN",{"$nulls":12},"Day with maximum intensity",{"$nulls":6},{"$f":"INDIRECT(ADDRESS(MATCH(Y3,values_Total,0)+11,1))","v":{"$error":"#REF!"}},null,null,{"$f":"MAX(values_Total)","v":{"$error":"#REF!"}}]
["Location","NSAWAM,  (Accra)",{"$nulls":12},"Hour with maximum intensity",{"$nulls":6},{"$f":"INDIRECT(ADDRESS(MATCH(Y4,values_RushTotal,0)+11,27))","v":{"$error":"#REF!"}},null,null,{"$f":"MAX(values_RushTotal)","v":{"$error":"#REF!"}}]
["Description","",{"$nulls":12},"Time with maximum intensity (more repeated)"]
["Lane","Totals"]
["Start date","03/11/2019"]
["End Date","04/11/2019"]
[]
["Date","Hour",{"$nulls":23},"Rush hour",null,"Day traffic 06-22",null,"Night traffic 22-06",null,"Total"]
[null,0,1,2,3,4,5,6,7,8,9,10,11,12,13,14,15,16,17,18,19,20,21,22,23,"Intensity","Hour","Intensity","%","Intensity","%"]
["03/11/2019",{"v":3316,"d":"3,316"},{"v":2788,"d":"2,788"},{"v":1724,"d":"1,724"},{"v":2356,"d":"2,356"},{"v":2804,"d":"2,804"},{"v":2410,"d":"2,410"},{"v":4308,"d":"4,308"},{"v":3072,"d":"3,072"},{"v":4546,"d":"4,546"},{"v":2906,"d":"2,906"},{"v":2446,"d":"2,446"},{"v":3748,"d":"3,748"},{"v":5920,"d":"5,920"},{"v":4316,"d":"4,316"},{"v":2242,"d":"2,242"},{"v":3472,"d":"3,472"},{"v":5876,"d":"5,876"},{"v":3258,"d":"3,258"},{"v":4820,"d":"4,820"},{"v":2604,"d":"2,604"},{"v":5472,"d":"5,472"},{"v":4620,"d":"4,620"},{"v":4414,"d":"4,414"},{"v":2962,"d":"2,962"},{"$f":"MAX(B12:Y12)","v":null},{"$f":"IF(Z12>0, INDIRECT(ADDRESS(11,MATCH(Z12,B12:Y12,0)+1)),\"\")","v":null},{"$f":"SUM(H12:W12)","v":null},{"$f":"IF(AF12>0, AB12/AF12,\"\")","v":null},{"$f":"SUM(B12:G12) + SUM(X12:Y12)","v":null},{"$f":"IF(AF12>0, AD12/AF12,\"\")","v":null},{"$f":"SUM(B12:Y12)","v":null}]
["04/11/2019",{"v":2252,"d":"2,252"},{"v":2772,"d":"2,772"},{"v":2784,"d":"2,784"},{"v":1776,"d":"1,776"},{"v":3612,"d":"3,612"},{"v":5864,"d":"5,864"},{"v":4174,"d":"4,174"},{"v":4360,"d":"4,360"},{"v":5084,"d":"5,084"},{"v":6092,"d":"6,092"},{"v":4860,"d":"4,860"},{"v":5064,"d":"5,064"},{"v":2174,"d":"2,174"},{"v":3128,"d":"3,128"},{"v":4710,"d":"4,710"},{"v":5322,"d":"5,322"},{"v":6392,"d":"6,392"},{"v":4180,"d":"4,180"},{"v":2640,"d":"2,640"},{"v":3360,"d":"3,360"},{"v":2860,"d":"2,860"},{"v":4288,"d":"4,288"},{"v":3182,"d":"3,182"},{"v":3392,"d":"3,392"},{"$f":"MAX(B13:Y13)","v":null},{"$f":"IF(Z13>0, INDIRECT(ADDRESS(11,MATCH(Z13,B13:Y13,0)+1)),\"\")","v":null},{"$f":"SUM(H13:W13)","v":null},{"$f":"IF(AF13>0, AB13/AF13,\"\")","v":null},{"$f":"SUM(B13:G13) + SUM(X13:Y13)","v":null},{"$f":"IF(AF13>0, AD13/AF13,\"\")","v":null},{"$f":"SUM(B13:Y13)","v":null}]

{"sheet":"S1 - -MAIN ROAD- ^DOWN TOWN","index":1,"n_rows":13,"n_cols":32,"rows_kept":13,"merged":[[0,0,0,31],[2,1,2,12],[2,14,2,20],[2,21,2,23],[2,24,2,26],[3,1,3,12],[3,14,3,20],[3,21,3,23],[3,24,3,26],[4,1,4,12],[4,14,4,20],[4,21,4,23],[5,1,5,12],[6,1,6,12],[7,1,7,12],[9,0,10,0],[9,1,9,24],[9,25,9,26],[9,27,9,28],[9,29,9,30],[9,31,10,31]]}
["TRAFFIC DAILY COUNTING"]
[]
["Name","21022 - NSAWAM ROAD - NEOPLAN",{"$nulls":12},"Day with maximum intensity",{"$nulls":6},{"$f":"INDIRECT(ADDRESS(MATCH(Y3,values_Total,0)+11,1))","v":{"$error":"#REF!"}},null,null,{"$f":"MAX(values_Total)","v":{"$error":"#REF!"}}]
["Location","NSAWAM,  (Accra)",{"$nulls":12},"Hour with maximum intensity",{"$nulls":6},{"$f":"INDIRECT(ADDRESS(MATCH(Y4,values_RushTotal,0)+11,27))","v":{"$error":"#REF!"}},null,null,{"$f":"MAX(values_RushTotal)","v":{"$error":"#REF!"}}]
["Description","MAIN ROAD- ^DOWN TOWN",{"$nulls":12},"Time with maximum intensity (more repeated)"]
["Lane","DOWN TOWN"]
["Start date","03/11/2019"]
["End Date","04/11/2019"]
[]
["Date","Hour",{"$nulls":23},"Rush hour",null,"Day traffic 06-22",null,"Night traffic 22-06",null,"Total"]
[null,0,1,2,3,4,5,6,7,8,9,10,11,12,13,14,15,16,17,18,19,20,21,22,23,"Intensity","Hour","Intensity","%","Intensity","%"]
["03/11/2019",826,546,326,336,522,698,{"v":1258,"d":"1,258"},{"v":1502,"d":"1,502"},{"v":1702,"d":"1,702"},958,null,null,{"v":2030,"d":"2,030"},{"v":1296,"d":"1,296"},{"v":1712,"d":"1,712"},644,{"v":1662,"d":"1,662"},{"v":1608,"d":"1,608"},142,178,{"v":2438,"d":"2,438"},{"v":1762,"d":"1,762"},{"v":1400,"d":"1,400"},{"v":1030,"d":"1,030"},{"$f":"MAX(B12:Y12)","v":null},{"$f":"IF(Z12>0,INDIRECT(ADDRESS(11,MATCH(Z12,B12:Y12,0)+1)),\"\")","v":null},{"$f":"SUM(H12:W12)","v":null},{"$f":"IF(AF12>0,AB12/AF12,\"\")","v":null},{"$f":"SUM(B12:G12)+SUM(X12:Y12)","v":null},{"$f":"IF(AF12>0,AD12/AF12,\"\")","v":null},{"$f":"SUM(B12:Y12)","v":null}]
["04/11/2019",642,348,280,316,688,626,200,{"v":2172,"d":"2,172"},{"v":2194,"d":"2,194"},{"v":1810,"d":"1,810"},{"v":2008,"d":"2,008"},{"v":2470,"d":"2,470"},{"v":1174,"d":"1,174"},{"v":1080,"d":"1,080"},934,{"v":1296,"d":"1,296"},{"v":2262,"d":"2,262"},{"v":3394,"d":"3,394"},682,{"v":1638,"d":"1,638"},{"v":1148,"d":"1,148"},{"v":2280,"d":"2,280"},{"v":1274,"d":"1,274"},{"v":1052,"d":"1,052"},{"$f":"MAX(B13:Y13)","v":null},{"$f":"IF(Z13>0,INDIRECT(ADDRESS(11,MATCH(Z13,B13:Y13,0)+1)),\"\")","v":null},{"$f":"SUM(H13:W13)","v":null},{"$f":"IF(AF13>0,AB13/AF13,\"\")","v":null},{"$f":"SUM(B13:G13)+SUM(X13:Y13)","v":null},{"$f":"IF(AF13>0,AD13/AF13,\"\")","v":null},{"$f":"SUM(B13:Y13)","v":null}]

{"sheet":"S2 - -MAIN ROAD- ^AMASAMAN","index":2,"n_rows":13,"n_cols":32,"rows_kept":13,"merged":[[0,0,0,31],[2,1,2,12],[2,14,2,20],[2,21,2,23],[2,24,2,26],[3,1,3,12],[3,14,3,20],[3,21,3,23],[3,24,3,26],[4,1,4,12],[4,14,4,20],[4,21,4,23],[5,1,5,12],[6,1,6,12],[7,1,7,12],[9,0,10,0],[9,1,9,24],[9,25,9,26],[9,27,9,28],[9,29,9,30],[9,31,10,31]]}
["TRAFFIC DAILY COUNTING"]
[]
["Name","21022 - NSAWAM ROAD - NEOPLAN",{"$nulls":12},"Day with maximum intensity",{"$nulls":6},{"$f":"INDIRECT(ADDRESS(MATCH(Y3,values_Total,0)+11,1))","v":{"$error":"#REF!"}},null,null,{"$f":"MAX(values_Total)","v":{"$error":"#REF!"}}]
["Location","NSAWAM,  (Accra)",{"$nulls":12},"Hour with maximum intensity",{"$nulls":6},{"$f":"INDIRECT(ADDRESS(MATCH(Y4,values_RushTotal,0)+11,27))","v":{"$error":"#REF!"}},null,null,{"$f":"MAX(values_RushTotal)","v":{"$error":"#REF!"}}]
["Description","MAIN ROAD- ^AMASAMAN",{"$nulls":12},"Time with maximum intensity (more repeated)"]
["Lane","AMASAMAN"]
["Start date","03/11/2019"]
["End Date","04/11/2019"]
[]
["Date","Hour",{"$nulls":23},"Rush hour",null,"Day traffic 06-22",null,"Night traffic 22-06",null,"Total"]
[null,0,1,2,3,4,5,6,7,8,9,10,11,12,13,14,15,16,17,18,19,20,21,22,23,"Intensity","Hour","Intensity","%","Intensity","%"]
["03/11/2019",{"v":2006,"d":"2,006"},{"v":2034,"d":"2,034"},{"v":1202,"d":"1,202"},{"v":1902,"d":"1,902"},{"v":1970,"d":"1,970"},{"v":1504,"d":"1,504"},{"v":2650,"d":"2,650"},{"v":1046,"d":"1,046"},{"v":2456,"d":"2,456"},{"v":1966,"d":"1,966"},null,null,{"v":2962,"d":"2,962"},{"v":2474,"d":"2,474"},572,{"v":2840,"d":"2,840"},{"v":3852,"d":"3,852"},{"v":1644,"d":"1,644"},{"v":4310,"d":"4,310"},{"v":1904,"d":"1,904"},{"v":3098,"d":"3,098"},{"v":2538,"d":"2,538"},{"v":2668,"d":"2,668"},{"v":1600,"d":"1,600"},{"$f":"MAX(B12:Y12)","v":null},{"$f":"IF(Z12>0,INDIRECT(ADDRESS(11,MATCH(Z12,B12:Y12,0)+1)),\"\")","v":null},{"$f":"SUM(H12:W12)","v":null},{"$f":"IF(AF12>0,AB12/AF12,\"\")","v":null},{"$f":"SUM(B12:G12)+SUM(X12:Y12)","v":null},{"$f":"IF(AF12>0,AD12/AF12,\"\")","v":null},{"$f":"SUM(B12:Y12)","v":null}]
["04/11/2019",{"v":1276,"d":"1,276"},{"v":2208,"d":"2,208"},{"v":2302,"d":"2,302"},{"v":1320,"d":"1,320"},{"v":2282,"d":"2,282"},{"v":4052,"d":"4,052"},{"v":2978,"d":"2,978"},{"v":2344,"d":"2,344"},{"v":2998,"d":"2,998"},{"v":4122,"d":"4,122"},{"v":2848,"d":"2,848"},{"v":1952,"d":"1,952"},998,{"v":2022,"d":"2,022"},{"v":3764,"d":"3,764"},{"v":2874,"d":"2,874"},{"v":3568,"d":"3,568"},{"v":1844,"d":"1,844"},{"v":1888,"d":"1,888"},{"v":1450,"d":"1,450"},{"v":1320,"d":"1,320"},{"v":1654,"d":"1,654"},{"v":1292,"d":"1,292"},{"v":2194,"d":"2,194"},{"$f":"MAX(B13:Y13)","v":null},{"$f":"IF(Z13>0,INDIRECT(ADDRESS(11,MATCH(Z13,B13:Y13,0)+1)),\"\")","v":null},{"$f":"SUM(H13:W13)","v":null},{"$f":"IF(AF13>0,AB13/AF13,\"\")","v":null},{"$f":"SUM(B13:G13)+SUM(X13:Y13)","v":null},{"$f":"IF(AF13>0,AD13/AF13,\"\")","v":null},{"$f":"SUM(B13:Y13)","v":null}]

{"sheet":"S3 - -MAIN ROAD- ^DOWN TOWN","index":3,"n_rows":13,"n_cols":32,"rows_kept":13,"merged":[[0,0,0,31],[2,1,2,12],[2,14,2,20],[2,21,2,23],[2,24,2,26],[3,1,3,12],[3,14,3,20],[3,21,3,23],[3,24,3,26],[4,1,4,12],[4,14,4,20],[4,21,4,23],[5,1,5,12],[6,1,6,12],[7,1,7,12],[9,0,10,0],[9,1,9,24],[9,25,9,26],[9,27,9,28],[9,29,9,30],[9,31,10,31]]}
["TRAFFIC DAILY COUNTING"]
[]
["Name","21022 - NSAWAM ROAD - NEOPLAN",{"$nulls":12},"Day with maximum intensity",{"$nulls":6},{"$f":"INDIRECT(ADDRESS(MATCH(Y3,values_Total,0)+11,1))","v":{"$error":"#REF!"}},null,null,{"$f":"MAX(values_Total)","v":{"$error":"#REF!"}}]
["Location","NSAWAM,  (Accra)",{"$nulls":12},"Hour with maximum intensity",{"$nulls":6},{"$f":"INDIRECT(ADDRESS(MATCH(Y4,values_RushTotal,0)+11,27))","v":{"$error":"#REF!"}},null,null,{"$f":"MAX(values_RushTotal)","v":{"$error":"#REF!"}}]
["Description","MAIN ROAD- ^DOWN TOWN",{"$nulls":12},"Time with maximum intensity (more repeated)"]
["Lane","DOWN TOWN"]
["Start date","03/11/2019"]
["End Date","04/11/2019"]
[]
["Date","Hour",{"$nulls":23},"Rush hour",null,"Day traffic 06-22",null,"Night traffic 22-06",null,"Total"]
[null,0,1,2,3,4,5,6,7,8,9,10,11,12,13,14,15,16,17,18,19,20,21,22,23,"Intensity","Hour","Intensity","%","Intensity","%"]
["03/11/2019",528,260,230,150,368,240,474,610,458,14,null,null,{"v":1036,"d":"1,036"},574,58,4,448,48,444,566,30,402,404,390,{"$f":"MAX(B12:Y12)","v":null},{"$f":"IF(Z12>0,INDIRECT(ADDRESS(11,MATCH(Z12,B12:Y12,0)+1)),\"\")","v":null},{"$f":"SUM(H12:W12)","v":null},{"$f":"IF(AF12>0,AB12/AF12,\"\")","v":null},{"$f":"SUM(B12:G12)+SUM(X12:Y12)","v":null},{"$f":"IF(AF12>0,AD12/AF12,\"\")","v":null},{"$f":"SUM(B12:Y12)","v":null}]
["04/11/2019",378,258,252,180,702,{"v":1288,"d":"1,288"},{"v":1086,"d":"1,086"},4,86,216,16,798,10,26,50,{"v":1200,"d":"1,200"},718,158,70,336,450,380,630,192,{"$f":"MAX(B13:Y13)","v":null},{"$f":"IF(Z13>0,INDIRECT(ADDRESS(11,MATCH(Z13,B13:Y13,0)+1)),\"\")","v":null},{"$f":"SUM(H13:W13)","v":null},{"$f":"IF(AF13>0,AB13/AF13,\"\")","v":null},{"$f":"SUM(B13:G13)+SUM(X13:Y13)","v":null},{"$f":"IF(AF13>0,AD13/AF13,\"\")","v":null},{"$f":"SUM(B13:Y13)","v":null}]

{"sheet":"S4 - -ACCESS ROAD","index":4,"n_rows":13,"n_cols":32,"rows_kept":13,"merged":[[0,0,0,31],[2,1,2,12],[2,14,2,20],[2,21,2,23],[2,24,2,26],[3,1,3,12],[3,14,3,20],[3,21,3,23],[3,24,3,26],[4,1,4,12],[4,14,4,20],[4,21,4,23],[5,1,5,12],[6,1,6,12],[7,1,7,12],[9,0,10,0],[9,1,9,24],[9,25,9,26],[9,27,9,28],[9,29,9,30],[9,31,10,31]]}
["TRAFFIC DAILY COUNTING"]
[]
["Name","21022 - NSAWAM ROAD - NEOPLAN",{"$nulls":12},"Day with maximum intensity",{"$nulls":6},{"$f":"INDIRECT(ADDRESS(MATCH(Y3,values_Total,0)+11,1))","v":{"$error":"#REF!"}},null,null,{"$f":"MAX(values_Total)","v":{"$error":"#REF!"}}]
["Location","NSAWAM,  (Accra)",{"$nulls":12},"Hour with maximum intensity",{"$nulls":6},{"$f":"INDIRECT(ADDRESS(MATCH(Y4,values_RushTotal,0)+11,27))","v":{"$error":"#REF!"}},null,null,{"$f":"MAX(values_RushTotal)","v":{"$error":"#REF!"}}]
["Description","ACCESS ROAD",{"$nulls":12},"Time with maximum intensity (more repeated)"]
["Lane","EAST"]
["Start date","03/11/2019"]
["End Date","04/11/2019"]
[]
["Date","Hour",{"$nulls":23},"Rush hour",null,"Day traffic 06-22",null,"Night traffic 22-06",null,"Total"]
[null,0,1,2,3,4,5,6,7,8,9,10,11,12,13,14,15,16,17,18,19,20,21,22,23,"Intensity","Hour","Intensity","%","Intensity","%"]
["03/11/2019",0,0,0,0,0,0,0,0,0,0,null,null,0,0,0,0,0,0,0,0,0,0,0,0,{"$f":"MAX(B12:Y12)","v":null},{"$f":"IF(Z12>0,INDIRECT(ADDRESS(11,MATCH(Z12,B12:Y12,0)+1)),\"\")","v":null},{"$f":"SUM(H12:W12)","v":null},{"$f":"IF(AF12>0,AB12/AF12,\"\")","v":null},{"$f":"SUM(B12:G12)+SUM(X12:Y12)","v":null},{"$f":"IF(AF12>0,AD12/AF12,\"\")","v":null},{"$f":"SUM(B12:Y12)","v":null}]
["04/11/2019",0,0,0,0,0,0,0,0,0,0,0,0,0,0,0,0,0,0,0,0,0,0,0,0,{"$f":"MAX(B13:Y13)","v":null},{"$f":"IF(Z13>0,INDIRECT(ADDRESS(11,MATCH(Z13,B13:Y13,0)+1)),\"\")","v":null},{"$f":"SUM(H13:W13)","v":null},{"$f":"IF(AF13>0,AB13/AF13,\"\")","v":null},{"$f":"SUM(B13:G13)+SUM(X13:Y13)","v":null},{"$f":"IF(AF13>0,AD13/AF13,\"\")","v":null},{"$f":"SUM(B13:Y13)","v":null}]

{"sheet":"-L1 - MAIN ROAD- ^DOWN TOWN","index":5,"n_rows":13,"n_cols":32,"rows_kept":13,"merged":[[0,0,0,31],[2,1,2,12],[2,14,2,20],[2,21,2,23],[2,24,2,26],[3,1,3,12],[3,14,3,20],[3,21,3,23],[3,24,3,26],[4,1,4,12],[4,14,4,20],[4,21,4,23],[5,1,5,12],[6,1,6,12],[7,1,7,12],[9,0,10,0],[9,1,9,24],[9,25,9,26],[9,27,9,28],[9,29,9,30],[9,31,10,31]]}
["TRAFFIC DAILY COUNTING"]
[]
["Name","21022 - NSAWAM ROAD - NEOPLAN",{"$nulls":12},"Day with maximum intensity",{"$nulls":6},{"$f":"INDIRECT(ADDRESS(MATCH(Y3,values_Total,0)+11,1))","v":{"$error":"#REF!"}},null,null,{"$f":"MAX(values_Total)","v":{"$error":"#REF!"}}]
["Location","NSAWAM,  (Accra)",{"$nulls":12},"Hour with maximum intensity",{"$nulls":6},{"$f":"INDIRECT(ADDRESS(MATCH(Y4,values_RushTotal,0)+11,27))","v":{"$error":"#REF!"}},null,null,{"$f":"MAX(values_RushTotal)","v":{"$error":"#REF!"}}]
["Description","L1 - MAIN ROAD- ^DOWN TOWN",{"$nulls":12},"Time with maximum intensity (more repeated)"]
["Lane","DOWN TOWN"]
["Start date","03/11/2019"]
["End Date","04/11/2019"]
[]
["Date","Hour",{"$nulls":23},"Rush hour",null,"Day traffic 06-22",null,"Night traffic 22-06",null,"Total"]
[null,0,1,2,3,4,5,6,7,8,9,10,11,12,13,14,15,16,17,18,19,20,21,22,23,"Intensity","Hour","Intensity","%","Intensity","%"]
["03/11/2019",392,258,168,172,280,150,284,54,20,558,null,null,4,502,348,6,28,618,0,8,990,866,790,494,{"$f":"MAX(B12:Y12)","v":null},{"$f":"IF(Z12>0,INDIRECT(ADDRESS(11,MATCH(Z12,B12:Y12,0)+1)),\"\")","v":null},{"$f":"SUM(H12:W12)","v":null},{"$f":"IF(AF12>0,AB12/AF12,\"\")","v":null},{"$f":"SUM(B12:G12)+SUM(X12:Y12)","v":null},{"$f":"IF(AF12>0,AD12/AF12,\"\")","v":null},{"$f":"SUM(B12:Y12)","v":null}]
["04/11/2019",318,200,148,180,380,244,2,770,472,424,{"v":1062,"d":"1,062"},{"v":1066,"d":"1,066"},28,666,14,628,612,{"v":1400,"d":"1,400"},16,476,0,852,690,450,{"$f":"MAX(B13:Y13)","v":null},{"$f":"IF(Z13>0,INDIRECT(ADDRESS(11,MATCH(Z13,B13:Y13,0)+1)),\"\")","v":null},{"$f":"SUM(H13:W13)","v":null},{"$f":"IF(AF13>0,AB13/AF13,\"\")","v":null},{"$f":"SUM(B13:G13)+SUM(X13:Y13)","v":null},{"$f":"IF(AF13>0,AD13/AF13,\"\")","v":null},{"$f":"SUM(B13:Y13)","v":null}]

{"sheet":"-L2 - MAIN ROAD- ^DOWN TOWN","index":6,"n_rows":13,"n_cols":32,"rows_kept":13,"merged":[[0,0,0,31],[2,1,2,12],[2,14,2,20],[2,21,2,23],[2,24,2,26],[3,1,3,12],[3,14,3,20],[3,21,3,23],[3,24,3,26],[4,1,4,12],[4,14,4,20],[4,21,4,23],[5,1,5,12],[6,1,6,12],[7,1,7,12],[9,0,10,0],[9,1,9,24],[9,25,9,26],[9,27,9,28],[9,29,9,30],[9,31,10,31]]}
["TRAFFIC DAILY COUNTING"]
[]
["Name","21022 - NSAWAM ROAD - NEOPLAN",{"$nulls":12},"Day with maximum intensity",{"$nulls":6},{"$f":"INDIRECT(ADDRESS(MATCH(Y3,values_Total,0)+11,1))","v":{"$error":"#REF!"}},null,null,{"$f":"MAX(values_Total)","v":{"$error":"#REF!"}}]
["Location","NSAWAM,  (Accra)",{"$nulls":12},"Hour with maximum intensity",{"$nulls":6},{"$f":"INDIRECT(ADDRESS(MATCH(Y4,values_RushTotal,0)+11,27))","v":{"$error":"#REF!"}},null,null,{"$f":"MAX(values_RushTotal)","v":{"$error":"#REF!"}}]
["Description","L2 - MAIN ROAD- ^DOWN TOWN",{"$nulls":12},"Time with maximum intensity (more repeated)"]
["Lane","DOWN TOWN"]
["Start date","03/11/2019"]
["End Date","04/11/2019"]
[]
["Date","Hour",{"$nulls":23},"Rush hour",null,"Day traffic 06-22",null,"Night traffic 22-06",null,"Total"]
[null,0,1,2,3,4,5,6,7,8,9,10,11,12,13,14,15,16,17,18,19,20,21,22,23,"Intensity","Hour","Intensity","%","Intensity","%"]
["03/11/2019",198,112,56,68,76,300,524,860,{"v":1106,"d":"1,106"},30,null,null,{"v":1278,"d":"1,278"},20,888,450,930,750,6,6,{"v":1112,"d":"1,112"},626,346,288,{"$f":"MAX(B12:Y12)","v":null},{"$f":"IF(Z12>0,INDIRECT(ADDRESS(11,MATCH(Z12,B12:Y12,0)+1)),\"\")","v":null},{"$f":"SUM(H12:W12)","v":null},{"$f":"IF(AF12>0,AB12/AF12,\"\")","v":null},{"$f":"SUM(B12:G12)+SUM(X12:Y12)","v":null},{"$f":"IF(AF12>0,AD12/AF12,\"\")","v":null},{"$f":"SUM(B12:Y12)","v":null}]
["04/11/2019",156,56,66,50,174,176,0,942,{"v":1126,"d":"1,126"},{"v":1096,"d":"1,096"},616,972,754,0,6,2,602,776,12,{"v":1134,"d":"1,134"},712,728,304,240,{"$f":"MAX(B13:Y13)","v":null},{"$f":"IF(Z13>0,INDIRECT(ADDRESS(11,MATCH(Z13,B13:Y13,0)+1)),\"\")","v":null},{"$f":"SUM(H13:W13)","v":null},{"$f":"IF(AF13>0,AB13/AF13,\"\")","v":null},{"$f":"SUM(B13:G13)+SUM(X13:Y13)","v":null},{"$f":"IF(AF13>0,AD13/AF13,\"\")","v":null},{"$f":"SUM(B13:Y13)","v":null}]

{"sheet":"-L3 - MAIN ROAD- ^DOWN TOWN","index":7,"n_rows":13,"n_cols":32,"rows_kept":13,"merged":[[0,0,0,31],[2,1,2,12],[2,14,2,20],[2,21,2,23],[2,24,2,26],[3,1,3,12],[3,14,3,20],[3,21,3,23],[3,24,3,26],[4,1,4,12],[4,14,4,20],[4,21,4,23],[5,1,5,12],[6,1,6,12],[7,1,7,12],[9,0,10,0],[9,1,9,24],[9,25,9,26],[9,27,9,28],[9,29,9,30],[9,31,10,31]]}
["TRAFFIC DAILY COUNTING"]
[]
["Name","21022 - NSAWAM ROAD - NEOPLAN",{"$nulls":12},"Day with maximum intensity",{"$nulls":6},{"$f":"INDIRECT(ADDRESS(MATCH(Y3,values_Total,0)+11,1))","v":{"$error":"#REF!"}},null,null,{"$f":"MAX(values_Total)","v":{"$error":"#REF!"}}]
["Location","NSAWAM,  (Accra)",{"$nulls":12},"Hour with maximum intensity",{"$nulls":6},{"$f":"INDIRECT(ADDRESS(MATCH(Y4,values_RushTotal,0)+11,27))","v":{"$error":"#REF!"}},null,null,{"$f":"MAX(values_RushTotal)","v":{"$error":"#REF!"}}]
["Description","L3 - MAIN ROAD- ^DOWN TOWN",{"$nulls":12},"Time with maximum intensity (more repeated)"]
["Lane","DOWN TOWN"]
["Start date","03/11/2019"]
["End Date","04/11/2019"]
[]
["Date","Hour",{"$nulls":23},"Rush hour",null,"Day traffic 06-22",null,"Night traffic 22-06",null,"Total"]
[null,0,1,2,3,4,5,6,7,8,9,10,11,12,13,14,15,16,17,18,19,20,21,22,23,"Intensity","Hour","Intensity","%","Intensity","%"]
["03/11/2019",226,164,98,92,154,242,414,546,528,346,null,null,698,762,392,184,682,202,134,164,288,250,252,236,{"$f":"MAX(B12:Y12)","v":null},{"$f":"IF(Z12>0,INDIRECT(ADDRESS(11,MATCH(Z12,B12:Y12,0)+1)),\"\")","v":null},{"$f":"SUM(H12:W12)","v":null},{"$f":"IF(AF12>0,AB12/AF12,\"\")","v":null},{"$f":"SUM(B12:G12)+SUM(X12:Y12)","v":null},{"$f":"IF(AF12>0,AD12/AF12,\"\")","v":null},{"$f":"SUM(B12:Y12)","v":null}]
["04/11/2019",154,88,64,76,126,192,188,328,520,284,322,356,392,414,912,664,{"v":1048,"d":"1,048"},400,654,2,410,688,274,342,{"$f":"MAX(B13:Y13)","v":null},{"$f":"IF(Z13>0,INDIRECT(ADDRESS(11,MATCH(Z13,B13:Y13,0)+1)),\"\")","v":null},{"$f":"SUM(H13:W13)","v":null},{"$f":"IF(AF13>0,AB13/AF13,\"\")","v":null},{"$f":"SUM(B13:G13)+SUM(X13:Y13)","v":null},{"$f":"IF(AF13>0,AD13/AF13,\"\")","v":null},{"$f":"SUM(B13:Y13)","v":null}]

{"sheet":"-L4 - MAIN ROAD- ^AMASAMAN","index":8,"n_rows":13,"n_cols":32,"rows_kept":13,"merged":[[0,0,0,31],[2,1,2,12],[2,14,2,20],[2,21,2,23],[2,24,2,26],[3,1,3,12],[3,14,3,20],[3,21,3,23],[3,24,3,26],[4,1,4,12],[4,14,4,20],[4,21,4,23],[5,1,5,12],[6,1,6,12],[7,1,7,12],[9,0,10,0],[9,1,9,24],[9,25,9,26],[9,27,9,28],[9,29,9,30],[9,31,10,31]]}
["TRAFFIC DAILY COUNTING"]
[]
["Name","21022 - NSAWAM ROAD - NEOPLAN",{"$nulls":12},"Day with maximum intensity",{"$nulls":6},{"$f":"INDIRECT(ADDRESS(MATCH(Y3,values_Total,0)+11,1))","v":{"$error":"#REF!"}},null,null,{"$f":"MAX(values_Total)","v":{"$error":"#REF!"}}]
["Location","NSAWAM,  (Accra)",{"$nulls":12},"Hour with maximum intensity",{"$nulls":6},{"$f":"INDIRECT(ADDRESS(MATCH(Y4,values_RushTotal,0)+11,27))","v":{"$error":"#REF!"}},null,null,{"$f":"MAX(values_RushTotal)","v":{"$error":"#REF!"}}]
["Description","L4 - MAIN ROAD- ^AMASAMAN",{"$nulls":12},"Time with maximum intensity (more repeated)"]
["Lane","AMASAMAN"]
["Start date","03/11/2019"]
["End Date","04/11/2019"]
[]
["Date","Hour",{"$nulls":23},"Rush hour",null,"Day traffic 06-22",null,"Night traffic 22-06",null,"Total"]
[null,0,1,2,3,4,5,6,7,8,9,10,11,12,13,14,15,16,17,18,19,20,21,22,23,"Intensity","Hour","Intensity","%","Intensity","%"]
["03/11/2019",{"v":1802,"d":"1,802"},{"v":1832,"d":"1,832"},{"v":1000,"d":"1,000"},{"v":1688,"d":"1,688"},{"v":1576,"d":"1,576"},902,{"v":1900,"d":"1,900"},50,{"v":1236,"d":"1,236"},{"v":1302,"d":"1,302"},null,null,{"v":2250,"d":"2,250"},{"v":1284,"d":"1,284"},4,{"v":1376,"d":"1,376"},{"v":2342,"d":"2,342"},{"v":1092,"d":"1,092"},{"v":2714,"d":"2,714"},{"v":1150,"d":"1,150"},{"v":2202,"d":"2,202"},{"v":1648,"d":"1,648"},{"v":2034,"d":"2,034"},{"v":1102,"d":"1,102"},{"$f":"MAX(B12:Y12)","v":null},{"$f":"IF(Z12>0,INDIRECT(ADDRESS(11,MATCH(Z12,B12:Y12,0)+1)),\"\")","v":null},{"$f":"SUM(H12:W12)","v":null},{"$f":"IF(AF12>0,AB12/AF12,\"\")","v":null},{"$f":"SUM(B12:G12)+SUM(X12:Y12)","v":null},{"$f":"IF(AF12>0,AD12/AF12,\"\")","v":null},{"$f":"SUM(B12:Y12)","v":null}]
["04/11/2019",846,{"v":1828,"d":"1,828"},{"v":1806,"d":"1,806"},748,{"v":1262,"d":"1,262"},{"v":1282,"d":"1,282"},{"v":1066,"d":"1,066"},{"v":1018,"d":"1,018"},{"v":1454,"d":"1,454"},{"v":2608,"d":"2,608"},{"v":1240,"d":"1,240"},10,42,{"v":1258,"d":"1,258"},{"v":2722,"d":"2,722"},{"v":1310,"d":"1,310"},{"v":2618,"d":"2,618"},428,{"v":1228,"d":"1,228"},280,542,{"v":1172,"d":"1,172"},844,{"v":1804,"d":"1,804"},{"$f":"MAX(B13:Y13)","v":null},{"$f":"IF(Z13>0,INDIRECT(ADDRESS(11,MATCH(Z13,B13:Y13,0)+1)),\"\")","v":null},{"$f":"SUM(H13:W13)","v":null},{"$f":"IF(AF13>0,AB13/AF13,\"\")","v":null},{"$f":"SUM(B13:G13)+SUM(X13:Y13)","v":null},{"$f":"IF(AF13>0,AD13/AF13,\"\")","v":null},{"$f":"SUM(B13:Y13)","v":null}]

{"sheet":"-L5 - MAIN ROAD- ^AMASAMAN","index":9,"n_rows":13,"n_cols":32,"rows_kept":13,"merged":[[0,0,0,31],[2,1,2,12],[2,14,2,20],[2,21,2,23],[2,24,2,26],[3,1,3,12],[3,14,3,20],[3,21,3,23],[3,24,3,26],[4,1,4,12],[4,14,4,20],[4,21,4,23],[5,1,5,12],[6,1,6,12],[7,1,7,12],[9,0,10,0],[9,1,9,24],[9,25,9,26],[9,27,9,28],[9,29,9,30],[9,31,10,31]]}
["TRAFFIC DAILY COUNTING"]
[]
["Name","21022 - NSAWAM ROAD - NEOPLAN",{"$nulls":12},"Day with maximum intensity",{"$nulls":6},{"$f":"INDIRECT(ADDRESS(MATCH(Y3,values_Total,0)+11,1))","v":{"$error":"#REF!"}},null,null,{"$f":"MAX(values_Total)","v":{"$error":"#REF!"}}]
["Location","NSAWAM,  (Accra)",{"$nulls":12},"Hour with maximum intensity",{"$nulls":6},{"$f":"INDIRECT(ADDRESS(MATCH(Y4,values_RushTotal,0)+11,27))","v":{"$error":"#REF!"}},null,null,{"$f":"MAX(values_RushTotal)","v":{"$error":"#REF!"}}]
["Description","L5 - MAIN ROAD- ^AMASAMAN",{"$nulls":12},"Time with maximum intensity (more repeated)"]
["Lane","AMASAMAN"]
["Start date","03/11/2019"]
["End Date","04/11/2019"]
[]
["Date","Hour",{"$nulls":23},"Rush hour",null,"Day traffic 06-22",null,"Night traffic 22-06",null,"Total"]
[null,0,1,2,3,4,5,6,7,8,9,10,11,12,13,14,15,16,17,18,19,20,21,22,23,"Intensity","Hour","Intensity","%","Intensity","%"]
["03/11/2019",26,22,28,24,70,144,140,398,548,14,null,null,152,188,242,426,190,0,360,366,196,148,64,52,{"$f":"MAX(B12:Y12)","v":null},{"$f":"IF(Z12>0,INDIRECT(ADDRESS(11,MATCH(Z12,B12:Y12,0)+1)),\"\")","v":null},{"$f":"SUM(H12:W12)","v":null},{"$f":"IF(AF12>0,AB12/AF12,\"\")","v":null},{"$f":"SUM(B12:G12)+SUM(X12:Y12)","v":null},{"$f":"IF(AF12>0,AD12/AF12,\"\")","v":null},{"$f":"SUM(B12:Y12)","v":null}]
["04/11/2019",44,34,76,104,140,724,280,470,488,66,292,490,368,338,316,352,112,292,276,290,172,126,82,50,{"$f":"MAX(B13:Y13)","v":null},{"$f":"IF(Z13>0,INDIRECT(ADDRESS(11,MATCH(Z13,B13:Y13,0)+1)),\"\")","v":null},{"$f":"SUM(H13:W13)","v":null},{"$f":"IF(AF13>0,AB13/AF13,\"\")","v":null},{"$f":"SUM(B13:G13)+SUM(X13:Y13)","v":null},{"$f":"IF(AF13>0,AD13/AF13,\"\")","v":null},{"$f":"SUM(B13:Y13)","v":null}]

{"sheet":"-L6 - MAIN ROAD- ^AMASAMAN","index":10,"n_rows":13,"n_cols":32,"rows_kept":13,"merged":[[0,0,0,31],[2,1,2,12],[2,14,2,20],[2,21,2,23],[2,24,2,26],[3,1,3,12],[3,14,3,20],[3,21,3,23],[3,24,3,26],[4,1,4,12],[4,14,4,20],[4,21,4,23],[5,1,5,12],[6,1,6,12],[7,1,7,12],[9,0,10,0],[9,1,9,24],[9,25,9,26],[9,27,9,28],[9,29,9,30],[9,31,10,31]]}
["TRAFFIC DAILY COUNTING"]
[]
["Name","21022 - NSAWAM ROAD - NEOPLAN",{"$nulls":12},"Day with maximum intensity",{"$nulls":6},{"$f":"INDIRECT(ADDRESS(MATCH(Y3,values_Total,0)+11,1))","v":{"$error":"#REF!"}},null,null,{"$f":"MAX(values_Total)","v":{"$error":"#REF!"}}]
["Location","NSAWAM,  (Accra)",{"$nulls":12},"Hour with maximum intensity",{"$nulls":6},{"$f":"INDIRECT(ADDRESS(MATCH(Y4,values_RushTotal,0)+11,27))","v":{"$error":"#REF!"}},null,null,{"$f":"MAX(values_RushTotal)","v":{"$error":"#REF!"}}]
["Description","L6 - MAIN ROAD- ^AMASAMAN",{"$nulls":12},"Time with maximum intensity (more repeated)"]
["Lane","AMASAMAN"]
["Start date","03/11/2019"]
["End Date","04/11/2019"]
[]
["Date","Hour",{"$nulls":23},"Rush hour",null,"Day traffic 06-22",null,"Night traffic 22-06",null,"Total"]
[null,0,1,2,3,4,5,6,7,8,9,10,11,12,13,14,15,16,17,18,19,20,21,22,23,"Intensity","Hour","Intensity","%","Intensity","%"]
["03/11/2019",70,86,78,92,196,260,396,244,0,286,null,null,284,498,16,820,712,4,642,334,522,430,310,192,{"$f":"MAX(B12:Y12)","v":null},{"$f":"IF(Z12>0,INDIRECT(ADDRESS(11,MATCH(Z12,B12:Y12,0)+1)),\"\")","v":null},{"$f":"SUM(H12:W12)","v":null},{"$f":"IF(AF12>0,AB12/AF12,\"\")","v":null},{"$f":"SUM(B12:G12)+SUM(X12:Y12)","v":null},{"$f":"IF(AF12>0,AD12/AF12,\"\")","v":null},{"$f":"SUM(B12:Y12)","v":null}]
["04/11/2019",188,142,224,262,582,{"v":1162,"d":"1,162"},528,300,932,896,690,798,0,426,454,642,340,262,16,504,322,278,220,184,{"$f":"MAX(B13:Y13)","v":null},{"$f":"IF(Z13>0,INDIRECT(ADDRESS(11,MATCH(Z13,B13:Y13,0)+1)),\"\")","v":null},{"$f":"SUM(H13:W13)","v":null},{"$f":"IF(AF13>0,AB13/AF13,\"\")","v":null},{"$f":"SUM(B13:G13)+SUM(X13:Y13)","v":null},{"$f":"IF(AF13>0,AD13/AF13,\"\")","v":null},{"$f":"SUM(B13:Y13)","v":null}]

{"sheet":"-L7 - MAIN ROAD- ^AMASAMAN","index":11,"n_rows":13,"n_cols":32,"rows_kept":13,"merged":[[0,0,0,31],[2,1,2,12],[2,14,2,20],[2,21,2,23],[2,24,2,26],[3,1,3,12],[3,14,3,20],[3,21,3,23],[3,24,3,26],[4,1,4,12],[4,14,4,20],[4,21,4,23],[5,1,5,12],[6,1,6,12],[7,1,7,12],[9,0,10,0],[9,1,9,24],[9,25,9,26],[9,27,9,28],[9,29,9,30],[9,31,10,31]]}
["TRAFFIC DAILY COUNTING"]
[]
["Name","21022 - NSAWAM ROAD - NEOPLAN",{"$nulls":12},"Day with maximum intensity",{"$nulls":6},{"$f":"INDIRECT(ADDRESS(MATCH(Y3,values_Total,0)+11,1))","v":{"$error":"#REF!"}},null,null,{"$f":"MAX(values_Total)","v":{"$error":"#REF!"}}]
["Location","NSAWAM,  (Accra)",{"$nulls":12},"Hour with maximum intensity",{"$nulls":6},{"$f":"INDIRECT(ADDRESS(MATCH(Y4,values_RushTotal,0)+11,27))","v":{"$error":"#REF!"}},null,null,{"$f":"MAX(values_RushTotal)","v":{"$error":"#REF!"}}]
["Description","L7 - MAIN ROAD- ^AMASAMAN",{"$nulls":12},"Time with maximum intensity (more repeated)"]
["Lane","AMASAMAN"]
["Start date","03/11/2019"]
["End Date","04/11/2019"]
[]
["Date","Hour",{"$nulls":23},"Rush hour",null,"Day traffic 06-22",null,"Night traffic 22-06",null,"Total"]
[null,0,1,2,3,4,5,6,7,8,9,10,11,12,13,14,15,16,17,18,19,20,21,22,23,"Intensity","Hour","Intensity","%","Intensity","%"]
["03/11/2019",82,62,68,70,88,172,176,316,650,356,null,null,218,488,294,206,544,544,536,10,132,264,214,216,{"$f":"MAX(B12:Y12)","v":null},{"$f":"IF(Z12>0,INDIRECT(ADDRESS(11,MATCH(Z12,B12:Y12,0)+1)),\"\")","v":null},{"$f":"SUM(H12:W12)","v":null},{"$f":"IF(AF12>0,AB12/AF12,\"\")","v":null},{"$f":"SUM(B12:G12)+SUM(X12:Y12)","v":null},{"$f":"IF(AF12>0,AD12/AF12,\"\")","v":null},{"$f":"SUM(B12:Y12)","v":null}]
["04/11/2019",174,170,152,176,258,802,{"v":1054,"d":"1,054"},528,6,502,622,576,580,0,236,524,396,472,368,352,270,70,138,130,{"$f":"MAX(B13:Y13)","v":null},{"$f":"IF(Z13>0,INDIRECT(ADDRESS(11,MATCH(Z13,B13:Y13,0)+1)),\"\")","v":null},{"$f":"SUM(H13:W13)","v":null},{"$f":"IF(AF13>0,AB13/AF13,\"\")","v":null},{"$f":"SUM(B13:G13)+SUM(X13:Y13)","v":null},{"$f":"IF(AF13>0,AD13/AF13,\"\")","v":null},{"$f":"SUM(B13:Y13)","v":null}]

{"sheet":"-L8 - SIDELINE- ^DOWN TOWN","index":12,"n_rows":13,"n_cols":32,"rows_kept":13,"merged":[[0,0,0,31],[2,1,2,12],[2,14,2,20],[2,21,2,23],[2,24,2,26],[3,1,3,12],[3,14,3,20],[3,21,3,23],[3,24,3,26],[4,1,4,12],[4,14,4,20],[4,21,4,23],[5,1,5,12],[6,1,6,12],[7,1,7,12],[9,0,10,0],[9,1,9,24],[9,25,9,26],[9,27,9,28],[9,29,9,30],[9,31,10,31]]}
["TRAFFIC DAILY COUNTING"]
[]
["Name","21022 - NSAWAM ROAD - NEOPLAN",{"$nulls":12},"Day with maximum intensity",{"$nulls":6},{"$f":"INDIRECT(ADDRESS(MATCH(Y3,values_Total,0)+11,1))","v":{"$error":"#REF!"}},null,null,{"$f":"MAX(values_Total)","v":{"$error":"#REF!"}}]
["Location","NSAWAM,  (Accra)",{"$nulls":12},"Hour with maximum intensity",{"$nulls":6},{"$f":"INDIRECT(ADDRESS(MATCH(Y4,values_RushTotal,0)+11,27))","v":{"$error":"#REF!"}},null,null,{"$f":"MAX(values_RushTotal)","v":{"$error":"#REF!"}}]
["Description","L8 - SIDELINE- ^DOWN TOWN",{"$nulls":12},"Time with maximum intensity (more repeated)"]
["Lane","DOWN TOWN"]
["Start date","03/11/2019"]
["End Date","04/11/2019"]
[]
["Date","Hour",{"$nulls":23},"Rush hour",null,"Day traffic 06-22",null,"Night traffic 22-06",null,"Total"]
[null,0,1,2,3,4,5,6,7,8,9,10,11,12,13,14,15,16,17,18,19,20,21,22,23,"Intensity","Hour","Intensity","%","Intensity","%"]
["03/11/2019",520,252,228,150,364,240,474,604,458,14,null,null,{"v":1036,"d":"1,036"},574,58,4,448,48,428,566,30,388,404,382,{"$f":"MAX(B12:Y12)","v":null},{"$f":"IF(Z12>0,INDIRECT(ADDRESS(11,MATCH(Z12,B12:Y12,0)+1)),\"\")","v":null},{"$f":"SUM(H12:W12)","v":null},{"$f":"IF(AF12>0,AB12/AF12,\"\")","v":null},{"$f":"SUM(B12:G12)+SUM(X12:Y12)","v":null},{"$f":"IF(AF12>0,AD12/AF12,\"\")","v":null},{"$f":"SUM(B12:Y12)","v":null}]
["04/11/2019",372,254,248,180,690,{"v":1282,"d":"1,282"},{"v":1056,"d":"1,056"},4,86,216,16,796,10,26,50,{"v":1200,"d":"1,200"},664,150,70,322,432,374,630,192,{"$f":"MAX(B13:Y13)","v":null},{"$f":"IF(Z13>0,INDIRECT(ADDRESS(11,MATCH(Z13,B13:Y13,0)+1)),\"\")","v":null},{"$f":"SUM(H13:W13)","v":null},{"$f":"IF(AF13>0,AB13/AF13,\"\")","v":null},{"$f":"SUM(B13:G13)+SUM(X13:Y13)","v":null},{"$f":"IF(AF13>0,AD13/AF13,\"\")","v":null},{"$f":"SUM(B13:Y13)","v":null}]

{"sheet":"-L9 - SIDELINE- ^DOWN TOWN","index":13,"n_rows":13,"n_cols":32,"rows_kept":13,"merged":[[0,0,0,31],[2,1,2,12],[2,14,2,20],[2,21,2,23],[2,24,2,26],[3,1,3,12],[3,14,3,20],[3,21,3,23],[3,24,3,26],[4,1,4,12],[4,14,4,20],[4,21,4,23],[5,1,5,12],[6,1,6,12],[7,1,7,12],[9,0,10,0],[9,1,9,24],[9,25,9,26],[9,27,9,28],[9,29,9,30],[9,31,10,31]]}
["TRAFFIC DAILY COUNTING"]
[]
["Name","21022 - NSAWAM ROAD - NEOPLAN",{"$nulls":12},"Day with maximum intensity",{"$nulls":6},{"$f":"INDIRECT(ADDRESS(MATCH(Y3,values_Total,0)+11,1))","v":{"$error":"#REF!"}},null,null,{"$f":"MAX(values_Total)","v":{"$error":"#REF!"}}]
["Location","NSAWAM,  (Accra)",{"$nulls":12},"Hour with maximum intensity",{"$nulls":6},{"$f":"INDIRECT(ADDRESS(MATCH(Y4,values_RushTotal,0)+11,27))","v":{"$error":"#REF!"}},null,null,{"$f":"MAX(values_RushTotal)","v":{"$error":"#REF!"}}]
["Description","L9 - SIDELINE- ^DOWN TOWN",{"$nulls":12},"Time with maximum intensity (more repeated)"]
["Lane","DOWN TOWN"]
["Start date","03/11/2019"]
["End Date","04/11/2019"]
[]
["Date","Hour",{"$nulls":23},"Rush hour",null,"Day traffic 06-22",null,"Night traffic 22-06",null,"Total"]
[null,0,1,2,3,4,5,6,7,8,9,10,11,12,13,14,15,16,17,18,19,20,21,22,23,"Intensity","Hour","Intensity","%","Intensity","%"]
["03/11/2019",0,0,0,0,0,0,0,0,0,0,null,null,0,0,0,0,0,0,0,0,0,0,0,0,{"$f":"MAX(B12:Y12)","v":null},{"$f":"IF(Z12>0,INDIRECT(ADDRESS(11,MATCH(Z12,B12:Y12,0)+1)),\"\")","v":null},{"$f":"SUM(H12:W12)","v":null},{"$f":"IF(AF12>0,AB12/AF12,\"\")","v":null},{"$f":"SUM(B12:G12)+SUM(X12:Y12)","v":null},{"$f":"IF(AF12>0,AD12/AF12,\"\")","v":null},{"$f":"SUM(B12:Y12)","v":null}]
["04/11/2019",0,0,0,0,0,0,0,0,0,0,0,0,0,0,0,0,0,0,0,0,0,0,0,0,{"$f":"MAX(B13:Y13)","v":null},{"$f":"IF(Z13>0,INDIRECT(ADDRESS(11,MATCH(Z13,B13:Y13,0)+1)),\"\")","v":null},{"$f":"SUM(H13:W13)","v":null},{"$f":"IF(AF13>0,AB13/AF13,\"\")","v":null},{"$f":"SUM(B13:G13)+SUM(X13:Y13)","v":null},{"$f":"IF(AF13>0,AD13/AF13,\"\")","v":null},{"$f":"SUM(B13:Y13)","v":null}]

{"sheet":"-L10 - ACCESS ROAD","index":14,"n_rows":13,"n_cols":32,"rows_kept":13,"merged":[[0,0,0,31],[2,1,2,12],[2,14,2,20],[2,21,2,23],[2,24,2,26],[3,1,3,12],[3,14,3,20],[3,21,3,23],[3,24,3,26],[4,1,4,12],[4,14,4,20],[4,21,4,23],[5,1,5,12],[6,1,6,12],[7,1,7,12],[9,0,10,0],[9,1,9,24],[9,25,9,26],[9,27,9,28],[9,29,9,30],[9,31,10,31]]}
["TRAFFIC DAILY COUNTING"]
[]
["Name","21022 - NSAWAM ROAD - NEOPLAN",{"$nulls":12},"Day with maximum intensity",{"$nulls":6},{"$f":"INDIRECT(ADDRESS(MATCH(Y3,values_Total,0)+11,1))","v":{"$error":"#REF!"}},null,null,{"$f":"MAX(values_Total)","v":{"$error":"#REF!"}}]
["Location","NSAWAM,  (Accra)",{"$nulls":12},"Hour with maximum intensity",{"$nulls":6},{"$f":"INDIRECT(ADDRESS(MATCH(Y4,values_RushTotal,0)+11,27))","v":{"$error":"#REF!"}},null,null,{"$f":"MAX(values_RushTotal)","v":{"$error":"#REF!"}}]
["Description","L10 - ACCESS ROAD",{"$nulls":12},"Time with maximum intensity (more repeated)"]
["Lane","EAST"]
["Start date","03/11/2019"]
["End Date","04/11/2019"]
[]
["Date","Hour",{"$nulls":23},"Rush hour",null,"Day traffic 06-22",null,"Night traffic 22-06",null,"Total"]
[null,0,1,2,3,4,5,6,7,8,9,10,11,12,13,14,15,16,17,18,19,20,21,22,23,"Intensity","Hour","Intensity","%","Intensity","%"]
["03/11/2019",0,0,0,0,0,0,0,0,0,0,null,null,0,0,0,0,0,0,0,0,0,0,0,0,{"$f":"MAX(B12:Y12)","v":null},{"$f":"IF(Z12>0,INDIRECT(ADDRESS(11,MATCH(Z12,B12:Y12,0)+1)),\"\")","v":null},{"$f":"SUM(H12:W12)","v":null},{"$f":"IF(AF12>0,AB12/AF12,\"\")","v":null},{"$f":"SUM(B12:G12)+SUM(X12:Y12)","v":null},{"$f":"IF(AF12>0,AD12/AF12,\"\")","v":null},{"$f":"SUM(B12:Y12)","v":null}]
["04/11/2019",0,0,0,0,0,0,0,0,0,0,0,0,0,0,0,0,0,0,0,0,0,0,0,0,{"$f":"MAX(B13:Y13)","v":null},{"$f":"IF(Z13>0,INDIRECT(ADDRESS(11,MATCH(Z13,B13:Y13,0)+1)),\"\")","v":null},{"$f":"SUM(H13:W13)","v":null},{"$f":"IF(AF13>0,AB13/AF13,\"\")","v":null},{"$f":"SUM(B13:G13)+SUM(X13:Y13)","v":null},{"$f":"IF(AF13>0,AD13/AF13,\"\")","v":null},{"$f":"SUM(B13:Y13)","v":null}]

{"sheet":"-L11 - ACCESS ROAD","index":15,"n_rows":13,"n_cols":32,"rows_kept":13,"merged":[[0,0,0,31],[2,1,2,12],[2,14,2,20],[2,21,2,23],[2,24,2,26],[3,1,3,12],[3,14,3,20],[3,21,3,23],[3,24,3,26],[4,1,4,12],[4,14,4,20],[4,21,4,23],[5,1,5,12],[6,1,6,12],[7,1,7,12],[9,0,10,0],[9,1,9,24],[9,25,9,26],[9,27,9,28],[9,29,9,30],[9,31,10,31]]}
["TRAFFIC DAILY COUNTING"]
[]
["Name","21022 - NSAWAM ROAD - NEOPLAN",{"$nulls":12},"Day with maximum intensity",{"$nulls":6},{"$f":"INDIRECT(ADDRESS(MATCH(Y3,values_Total,0)+11,1))","v":{"$error":"#REF!"}},null,null,{"$f":"MAX(values_Total)","v":{"$error":"#REF!"}}]
["Location","NSAWAM,  (Accra)",{"$nulls":12},"Hour with maximum intensity",{"$nulls":6},{"$f":"INDIRECT(ADDRESS(MATCH(Y4,values_RushTotal,0)+11,27))","v":{"$error":"#REF!"}},null,null,{"$f":"MAX(values_RushTotal)","v":{"$error":"#REF!"}}]
["Description","L11 - ACCESS ROAD",{"$nulls":12},"Time with maximum intensity (more repeated)"]
["Lane","EAST"]
["Start date","03/11/2019"]
["End Date","04/11/2019"]
[]
["Date","Hour",{"$nulls":23},"Rush hour",null,"Day traffic 06-22",null,"Night traffic 22-06",null,"Total"]
[null,0,1,2,3,4,5,6,7,8,9,10,11,12,13,14,15,16,17,18,19,20,21,22,23,"Intensity","Hour","Intensity","%","Intensity","%"]
["03/11/2019",0,0,0,0,0,0,0,0,0,0,null,null,0,0,0,0,0,0,0,0,0,0,0,0,{"$f":"MAX(B12:Y12)","v":null},{"$f":"IF(Z12>0, INDIRECT(ADDRESS(11,MATCH(Z12,B12:Y12,0)+1)),\"\")","v":null},{"$f":"SUM(H12:W12)","v":null},{"$f":"IF(AF12>0, AB12/AF12,\"\")","v":null},{"$f":"SUM(B12:G12) + SUM(X12:Y12)","v":null},{"$f":"IF(AF12>0, AD12/AF12,\"\")","v":null},{"$f":"SUM(B12:Y12)","v":null}]
["04/11/2019",0,0,0,0,0,0,0,0,0,0,0,0,0,0,0,0,0,0,0,0,0,0,0,0,{"$f":"MAX(B13:Y13)","v":null},{"$f":"IF(Z13>0, INDIRECT(ADDRESS(11,MATCH(Z13,B13:Y13,0)+1)),\"\")","v":null},{"$f":"SUM(H13:W13)","v":null},{"$f":"IF(AF13>0, AB13/AF13,\"\")","v":null},{"$f":"SUM(B13:G13) + SUM(X13:Y13)","v":null},{"$f":"IF(AF13>0, AD13/AF13,\"\")","v":null},{"$f":"SUM(B13:Y13)","v":null}]